Sbornik zadač po teorii verojatnostej /

Enregistré dans:
Détails bibliographiques
Auteurs principaux: Zubkov, Andrej M (Auteur), Sevasťjanov, Boris Aleksandrovič (Auteur), Čisťakov, Vladimir Pavlovič (Auteur)
Format: Livre
Langue:russe
Publié: Moskva : Nauka, 1980
Édition:1.vyd.
Tags: Ajouter un tag
Pas de tags, Soyez le premier à ajouter un tag!

MARC

LEADER 00000nam a22000003a 4500
001 stu93161
005 20150617225616.8
008 050307s1980----xxr-----------------rus-d
040 |a STU  |b slo 
041 0 |a rus 
044 |a xxr 
080 |a 519.2 
100 1 |a Zubkov, Andrej M  |4 aut 
245 1 |a Sbornik zadač po teorii verojatnostej /  |c [aut.] Zubkov,A.M.; Sevasťjanov,B.A.; Čisťakov,V.P 
250 |a 1.vyd. 
260 |a Moskva :  |b Nauka,  |c 1980 
300 |a 221 s 
700 1 |a Sevasťjanov, Boris Aleksandrovič  |4 aut 
700 1 |a Čisťakov, Vladimir Pavlovič  |4 aut 
996 |b E47156  |c E*47156  |l EE03  |s P  |a 0  |w stu93161_0002